Planets visited in the Skywalker Saga - Statistics

General Stats
  • This quiz has been taken 15 times
  • The average score is 16 of 32
Answer Stats
Answer % Correct
Endor
100%
Tatooine
100%
Coruscant
89%
Hoth
89%
Bespin
78%
Dagobah
78%
Geonosis
78%
Naboo
78%
Yavin IV
78%
Mustafar
67%
Ahch-To
56%
Exegol
56%
Kamino
56%
Alderaan
44%
Cantonica
44%
Crait
44%
Jakku
44%
Kashyyyk
44%
Polis Massa
44%
Utapau
44%
D'Qar
33%
Kijimi
33%
Pasaana
33%
Ajan Kloss
22%
Felucia
22%
Hosnian Prime
22%
Kef Bir
22%
Mygeeto
22%
Takodana
22%
Cato Neimoidia
11%
Saleucami
11%
Starkiller Base (Ilum)
11%
No matching quizzes found
Score Distribution
Percent of People with Each Score
Percentile by Number Answered
Your Score History
You have not taken this quiz